Jurans Quality Handbook : The Complete Guide to Performance Excellence (Record no. 74282)

MARC details
000 -LEADER
fixed length control field 00489pam a2200169 a 4500
020 ## - INTERNATIONAL STANDARD BOOK NUMBER
International Standard Book Number 9780071070898
Terms of availability
041 ## - LANGUAGE CODE
Language code of original
082 ## - DEWEY DECIMAL CLASSIFICATION NUMBER
Classification number 615.191
Item number JUR
100 ## - MAIN ENTRY--PERSONAL NAME
Personal name Juran, Joseph. M.
245 ## - TITLE STATEMENT
Title Jurans Quality Handbook : The Complete Guide to Performance Excellence
Medium Textual Documents
250 ## - EDITION STATEMENT
Edition statement 6th ed.
260 ## - PUBLICATION, DISTRIBUTION, ETC.
Place of publication, distribution, etc. New York
Name of publisher, distributor, etc. Mc Graw Hill Book Company
Date of publication, distribution, etc. 2010
300 ## - PHYSICAL DESCRIPTION
Extent 1113.
653 ## - INDEX TERM--UNCONTROLLED
Uncontrolled term Pharmaceutics(Manufacture & Preparation)
700 ## - ADDED ENTRY--PERSONAL NAME
Personal name De Feo, Joseph. A.
930 ## - EQUIVALENCE OR CROSS-REFERENCE-UNIFORM TITLE HEADING [LOCAL, CANADA]
Uniform title 980
Holdings
Withdrawn status Lost status Damaged status Not for loan Collection Home library Current library Date acquired Source of acquisition Cost, normal purchase price Total Checkouts Full call number Barcode Date last seen Copy number Price effective from Koha item type
          Poona College of Pharmacy, Pune Poona College of Pharmacy, Pune 20/03/2014 Sai Book Centre 2585.00   615.191 JUR PCP-PHRD-4054 24/02/2023 3 24/02/2023 Book
          Poona College of Pharmacy, Pune Poona College of Pharmacy, Pune 20/03/2014 Sai Book Centre 2585.00   615.191 JUR PCP-PHRD-4053 24/02/2023 2 24/02/2023 Book
          Poona College of Pharmacy, Pune Poona College of Pharmacy, Pune 20/03/2014 Sai Book Centre 2585.00   615.191 JUR PCP-PHRD-4052 24/02/2023 1 24/02/2023 Book